Statistics for Fire Emblem Three Houses Classes

Click here to take the quiz!

General Stats

  • This quiz has been taken 76 times
  • The average score is 33 of 40

Answer Stats

Class TypeCertification RequirementsClass% Correct
UniqueWin the White Heron CupDancer
97%
UniqueNoneNoble
95%
UniqueNoneCommoner
93%
AdvancedAxe Lvl B or Higher, Flying Lvl C or HigherWyvern Rider
92%
MasterLance Lvl C or Higher, Reason Lvl B+ or Higher, Riding Lvl A or HigherDark Knight
90%
IntermediateReason Lvl C or HigherMage
90%
IntermediateLance Lvl C or Higher, Flying Lvl D or Higher, Female OnlyPegasus Knight
90%
AdvancedBow Lvl A or HigherSniper
90%
IntermediateBow Lvl C or HigherArcher
88%
AdvancedFaith Lvl A or HigherBishop
88%
MasterReason Lvl A or Higher, Faith Lvl A or HigherGremory
88%
AdvancedSword Lvl B or Higher, Bow Lvl C or HigherAssassin
85%
MasterLance Lvl C or Higher, Bow Lvl A or Higher, Riding Lvl A or HigherBow Knight
85%
IntermediateBrawl Lvl C or Higher, Male OnlyBrawler
85%
AdvancedLance Lvl B or Higher, Riding Lvl B or HigherPaladin
85%
AdvancedSword Lvl A or HigherSwordmaster
85%
IntermediateSword Lvl C or HigherThief
85%
MasterLance Lvl C or Higher, Faith Lvl B+ or Higher, Riding Lvl A or HigherHoly Knight
83%
BeginnerSword Lvl D or HigherMyrmidon
83%
MasterAxe Lvl A or Higher, Brawl Lvl A or HigherWar Master
83%
MasterLance Lvl C or Higher, Axe Lvl A or Higher, Flying Lvl A or HigherWyvern Lord
83%
BeginnerAxe, Bow, or Brawl Lvl D or HigherFighter
82%
IntermediateLance Lvl C or Higher, Riding Lvl D or HigherCavalier
80%
IntermediateReason Lvl C or Higher with Dark Seal, Male OnlyDark Mage
80%
MasterSword Lvl C or Higher, Lance Lvl A or Higher, Flying Lvl B+ or Higher
Female Only
Falcon Knight
80%
IntermediateSword Lvl C or HigherMercenary
80%
BeginnerReason or Faith Lvl D or HigherMonk
80%
MasterSword Lvl A or Higher, Reason Lvl B+ or HigherMortal Savant
80%
AdvancedBrawl Lvl A or Higher, Male OnlyGrappler
78%
IntermediateSword Lvl D+ or Higher, Authority Lvl C or HigherLord
78%
BeginnerLance Lvl D or HigherSoldier
78%
MasterAxe Lvl B+ or Higher, Heavy Armor Lvl A or Higher, Riding Lvl B+ or HigherGreat Knight
77%
AdvancedSword Lvl B or Higher, Axe Lvl C or Higher, Male OnlyHero
77%
IntermediateFaith Lvl C or HigherPriest
77%
AdvancedReason Lvl A or HigherWarlock
77%
AdvancedAxe Lvl A or HigherWarrior
75%
IntermediateAxe Lvl C or HigherBrigand
73%
AdvancedReason Lvl A or Higher with Dark Seal, Male OnlyDark Bishop
73%
AdvancedAxe Lvl B or Higher, Heavy Armor Lvl B or HigherFortress Knight
73%
IntermediateAxe Lvl C or Higher, Heavy Armor Lvl D or HigherArmored Knight
62%

Score Distribution

Percentile by Number Answered

Percent of People with Each Score

Your Score History

You have not taken this quiz